000
00483nam a2200181Ia 4500
008
090124s9999 xx 000 0 und d
082
_b
122428
100
_a
बागूल चारुदत्त
245
_a
बेवफा
250
_a
1
260
_c
1987
300
_a
192
600
_a
बागूल चारुदत्त
630
_a
बेवफा
700
_a
बागूल चारुदत्त
730
_a
बेवफा
942
_c
BOOK
999
_c
168514
_d
168514